000 00397nam a2200169Ia 4500
008 221030s9999 xx 000 0 und d
020 _a8120317/73
041 _aEnglish
082 _a105.23
_bCal
100 _aS. E. Callihan
245 0 _aLearn HTML In A Weekend
_cby S. E. Callihan
250 _aRevised
260 _bPHI
_aDelhi
_c2000
300 _a409
650 _aComputers
942 _cBK
999 _c3156
_d3156